Normal view
MARC view
Entry Personal Name
001 - CONTROL NUMBER
- control field: 4407
003 - CONTROL NUMBER IDENTIFIER
- control field: ARRUPE
005 - DATE AND TIME OF LATEST TRANSACTION
- control field: 20131129114956.0
008 - FIXED-LENGTH DATA ELEMENTS
- fixed length control field: 131129|| aca||aabn | a|a d
040 ## - CATALOGING SOURCE
- Original cataloging agency: ARRUPE
- Transcribing agency: ARRUPE
100 ## - HEADING--PERSONAL NAME
- Personal name: Bulpin, Thomas Victor
670 ## - SOURCE DATA FOUND
- Source citation: Work cat.: (ARRUPE): Bulpin, Thomas Victor, East Africa and the Islands, 1956